00465 2200181 4500001002100000005001500021035002000036245005400056100001900110250000600129300003300135260004000168082000800208084001400216020002200230600001900252990001200271INLIS00000000000335620260211101407 a0010-02260000221 aENSIKLOPEDIA SEJARAH DAN BUDAYA /cJulian Holland0 aJulian Holland aV a95 hlm :bilus ;c21 x 30 cm aJakarta :bPT. Lentera Abadi,c2017 a903 a903 JUL e a978-979-3535-46-3 4aJulian Holland a0750977